000 00306nam a22001217a 4500
008 160422b xxu||||| |||| 00| 0 eng d
020 _a9780803625068
020 _a0803625065
041 _aeng
080 _a618.2
245 _aNursing diagnoses in psychiatric nursing:
_cMary C. Townsend;
942 _2udc
_cBK
999 _c1530
_d1530